[Event "Saratov Shestoperov Memorial U09"]
[Site "Saratov"]
[Date "2014.06.19"]
[Round "4"]
[White "Bondarenko, Vladimir"]
[Black "Semenov, Vyacheslav"]
[Result "1-0"]
[WhiteElo "2251"]
[BlackElo "1918"]
[PlyCount "41"]
[EventDate "2014.06.16"]
[EventType "swiss"]
[EventRounds "9"]
[EventCountry "RUS"]
[SourceTitle "EXT 2015"]
[Source "ChessBase"]
[SourceDate "2014.11.20"]
[SourceVersion "1"]
[SourceVersionDate "2014.11.20"]
[SourceQuality "1"]

1. e4 e6 2. Nf3 Nc6 3. Bc4 d5 4. exd5 exd5 5. Bb3 Bg4 6. 0-0 Bxf3 7. Qxf3 Nd4 8. Qe3+ Ne6 9. Re1 Qe7 10. d3 d4 11. Qe2 Nc5 12. Qxe7+ Bxe7 13. c3 Nxd3 14. Rd1 Nxc1 15. Rxc1 Bg5 16. Rd1 Nf6 17. cxd4 Ne4 18. Re1 f5 19. f3 h5 20. fxe4 Rd8 21. exf5+ 1-0

[Event "Saratov Winter Cup"]
[Site "Saratov"]
[Date "2013.01.13"]
[Round "2"]
[White "Gagarkine, Nikolay"]
[Black "Bondarenko, Vladimir"]
[Result "1/2-1/2"]
[WhiteElo "1933"]
[BlackElo "2292"]
[PlyCount "48"]
[EventDate "2013.01.12"]
[EventType "swiss"]
[EventRounds "9"]
[EventCountry "RUS"]
[SourceTitle "CBM 152 Extra"]
[Source "ChessBase"]
[SourceDate "2013.02.25"]
[SourceVersion "1"]
[SourceVersionDate "2013.02.25"]
[SourceQuality "1"]

1. d4 Nf6 2. Nf3 b5 3. g3 Bb7 4. Bg2 e6 5. a4 b4 6. c4 bxc3 7. bxc3 Be7 8. 0-0 0-0 9. Ba3 c5 10. Nbd2 Qc7 11. Re1 Ne4 12. Nxe4 Bxe4 13. Nd2 Bxg2 14. Kxg2 d6 15. dxc5 dxc5 16. Nf3 Nc6 17. Qc2 Rfd8 18. Red1 Qa5 19. Rxd8+ Rxd8 20. Bc1 Bf6 21. Bg5 c4 22. Bxf6 gxf6 23. Rb1 a6 24. h4 Qc5 1/2-1/2

[Event "RUS-chT 07th"]
[Site "Smolensk"]
[Date "2000.04.24"]
[Round "10"]
[White "Tunik, Gennady"]
[Black "Bondarenko, Vladimir"]
[Result "1/2-1/2"]
[WhiteElo "2442"]
[BlackElo "2302"]
[PlyCount "81"]
[EventDate "2000.04.15"]
[EventType "team-tourn"]
[EventRounds "11"]
[EventCountry "RUS"]
[SourceTitle "EXT 2020"]
[Source "ChessBase"]
[SourceDate "2019.10.17"]
[SourceVersion "1"]
[SourceVersionDate "2019.10.17"]
[SourceQuality "1"]
[WhiteTeam "Saratov GShK"]
[BlackTeam "Moscow Saulin PRSFI"]
[WhiteTeamCountry "RUS"]
[BlackTeamCountry "RUS"]

1. d4 e6 2. c4 d5 3. Nf3 a6 4. cxd5 exd5 5. Nc3 Be7 6. Bf4 Nf6 7. Qc2 Nbd7 8. e3 0-0 9. Bd3 c5 10. 0-0 c4 11. Be2 b5 12. Ne5 Bb7 13. Bf3 Nb6 14. b3 b4 15. Ne2 c3 16. a3 a5 17. Ng3 Re8 18. Be2 Bf8 19. Bb5 Re6 20. Bd3 g6 21. Bg5 Qe8 22. f4 Ne4 23. Ng4 f5 24. Bxe4 dxe4 25. Nf6+ Rxf6 26. Bxf6 Nd5 27. Be5 Nxe3 28. Qc1 Nxf1 29. Nxf1 Qb5 30. Qe1 Bd5 31. Qh4 Ra6 32. a4 Qd7 33. Ne3 Bxb3 34. g4 Be6 35. Kf2 fxg4 36. Kg3 Bf5 37. d5 Be7 38. Qh6 Bf8 39. Qh4 Be7 40. Qh6 Bf8 41. Qh4 1/2-1/2

[Event "RUS-chT 07th"]
[Site "Smolensk"]
[Date "2000.04.21"]
[Round "7"]
[White "Nikolenko, Oleg"]
[Black "Bondarenko, Vladimir"]
[Result "1-0"]
[WhiteElo "2524"]
[BlackElo "2302"]
[PlyCount "49"]
[EventDate "2000.04.15"]
[EventType "team-tourn"]
[EventRounds "11"]
[EventCountry "RUS"]
[SourceTitle "EXT 2020"]
[Source "ChessBase"]
[SourceDate "2019.10.17"]
[SourceVersion "1"]
[SourceVersionDate "2019.10.17"]
[SourceQuality "1"]
[WhiteTeam "Moscow Phoenix"]
[BlackTeam "Moscow Saulin PRSFI"]
[WhiteTeamCountry "RUS"]
[BlackTeamCountry "RUS"]

1. e4 g6 2. d4 Bg7 3. Nc3 d6 4. Be3 e6 5. Qd2 h6 6. f4 b6 7. Nf3 Ne7 8. Bd3 Nd7 9. 0-0 Bb7 10. f5 exf5 11. exf5 g5 12. Be4 c6 13. Bd3 Nf6 14. Ne4 Ned5 15. Bf2 Nxe4 16. Bxe4 Nf6 17. Bd3 0-0 18. h4 Ng4 19. hxg5 hxg5 20. Rae1 Nxf2 21. Qxf2 c5 22. dxc5 bxc5 23. Qg3 Bf6 24. Nxg5 Bd4+ 25. Rf2 1-0

[Event "RUS-chT 07th"]
[Site "Smolensk"]
[Date "2000.04.19"]
[Round "5"]
[White "Bondarenko, Vladimir"]
[Black "Karpov, Alexander"]
[Result "1/2-1/2"]
[WhiteElo "2302"]
[BlackElo "2423"]
[PlyCount "33"]
[EventDate "2000.04.15"]
[EventType "team-tourn"]
[EventRounds "11"]
[EventCountry "RUS"]
[SourceTitle "EXT 2020"]
[Source "ChessBase"]
[SourceDate "2019.10.17"]
[SourceVersion "1"]
[SourceVersionDate "2019.10.17"]
[SourceQuality "1"]
[WhiteTeam "Moscow Saulin PRSFI"]
[BlackTeam "Novosibirsk Transsib"]
[WhiteTeamCountry "RUS"]
[BlackTeamCountry "RUS"]

1. d4 d5 2. Nf3 e6 3. e3 Nf6 4. Bd3 c5 5. 0-0 Nc6 6. b3 Bd6 7. Bb2 Qc7 8. c4 dxc4 9. bxc4 0-0 10. Nc3 a6 11. d5 Ne7 12. e4 Ng6 13. Re1 Re8 14. h3 Bd7 15. Qc2 b5 16. dxe6 Rxe6 17. Nd5 1/2-1/2

[Event "RUS-chT 07th"]
[Site "Smolensk"]
[Date "2000.04.17"]
[Round "3"]
[White "Bondarenko, Vladimir"]
[Black "Gutov, Andrey"]
[Result "1-0"]
[WhiteElo "2302"]
[BlackElo "2477"]
[PlyCount "57"]
[EventDate "2000.04.15"]
[EventType "team-tourn"]
[EventRounds "11"]
[EventCountry "RUS"]
[SourceTitle "EXT 2020"]
[Source "ChessBase"]
[SourceDate "2019.10.17"]
[SourceVersion "1"]
[SourceVersionDate "2019.10.17"]
[SourceQuality "1"]
[WhiteTeam "Moscow Saulin PRSFI"]
[BlackTeam "Novokuznetsk"]
[WhiteTeamCountry "RUS"]
[BlackTeamCountry "RUS"]

1. Nf3 Nf6 2. c4 e6 3. g3 d5 4. b3 Be7 5. Bg2 0-0 6. 0-0 c5 7. cxd5 exd5 8. d4 Nc6 9. Bb2 Ne4 10. Nc3 Bf6 11. Na4 b5 12. Nxc5 Nxc5 13. Rc1 Nxb3 14. Qxb3 Qd6 15. Rc5 Be6 16. Rxb5 Rfb8 17. Bc3 Rxb5 18. Qxb5 Rb8 19. Qa4 Bd7 20. Qc2 g6 21. Rb1 Rc8 22. Qd2 Bf5 23. Rb5 Qa3 24. Ne1 Qa4 25. Rxd5 Be7 26. Rxf5 gxf5 27. d5 Nb8 28. d6 Rd8 29. Qh6 1-0

[Event "St Petersburg White Nights op"]
[Site "St Petersburg"]
[Date "1999.??.??"]
[Round "8"]
[White "Bondarenko, Vladimir"]
[Black "Tikhanov, Adolf Aleksandrovic"]
[Result "1/2-1/2"]
[WhiteElo "2325"]
[BlackElo "2235"]
[PlyCount "35"]
[EventDate "1999.06.??"]
[EventType "swiss"]
[EventRounds "9"]
[EventCountry "RUS"]
[SourceTitle "EXT 2000"]
[Source "ChessBase"]
[SourceDate "1999.11.16"]
[SourceVersion "1"]
[SourceVersionDate "1999.11.16"]
[SourceQuality "1"]

1. c4 Nf6 2. Nc3 g6 3. g3 Bg7 4. Bg2 0-0 5. e4 d6 6. Nge2 c5 7. 0-0 Nc6 8. d3 Bg4 9. h3 Bxe2 10. Nxe2 Ne8 11. Rb1 Nc7 12. f4 Ne6 13. f5 Ned4 14. Nf4 Rb8 15. g4 Be5 16. b3 b5 17. g5 Nb4 18. Rf2 1/2-1/2

[Event "Saratov Aratovsky Memorial"]
[Site "Saratov"]
[Date "1999.??.??"]
[Round "3"]
[White "Karavaev, Vladimir"]
[Black "Bondarenko, Vladimir"]
[Result "1-0"]
[WhiteElo "2376"]
[BlackElo "2327"]
[PlyCount "111"]
[EventDate "1999.12.??"]
[EventType "swiss"]
[EventRounds "9"]
[EventCountry "RUS"]
[SourceTitle "CBM 073 Extra"]
[Source "ChessBase"]
[SourceDate "2000.01.11"]
[SourceVersion "1"]
[SourceVersionDate "2000.01.11"]
[SourceQuality "1"]

1. e4 c6 2. c4 d5 3. exd5 Nf6 4. Nc3 cxd5 5. cxd5 Nxd5 6. Nf3 Nxc3 7. bxc3 g6 8. Qa4+ Nc6 9. Ne5 Bd7 10. Qf4 Nxe5 11. Qxe5 f6 12. Qg3 Rc8 13. Rb1 Bc6 14. Be2 Qd6 15. Qh3 Qd7 16. Bg4 f5 17. Be2 Qe6 18. d4 Qe4 19. Rb3 Qxg2 20. Qxg2 Bxg2 21. Rg1 Bd5 22. Rb5 Bc6 23. Ra5 a6 24. Bf4 Bg7 25. Kd2 0-0 26. Bc4+ Kh8 27. Be6 Ra8 28. Re1 b6 29. Rae5 h6 30. R5e3 g5 31. Be5 f4 32. Rh3 Bxe5 33. Rxe5 Kg7 34. Bd5 Bxd5 35. Rxd5 Rad8 36. Re5 Rf7 37. Re6 Rd6 38. Rhxh6 Rxe6 39. Rxe6 Rf6 40. Rxe7+ Kg6 41. d5 Rd6 42. c4 b5 43. Kc3 bxc4 44. Kxc4 Kf6 45. Rc7 Ke5 46. Rc8 Rb6 47. Re8+ Kf6 48. f3 Rb2 49. d6 Rd2 50. Kc5 Rc2+ 51. Kb6 Rd2 52. Kc7 Rc2+ 53. Kd8 Rxh2 54. d7 Rxa2 55. Kc7 Rc2+ 56. Kb6 1-0

[Event "Moscow-2 "]
[Site "Moscow"]
[Date "1997.??.??"]
[Round "1"]
[White "Bondarenko, Vladimir"]
[Black "Ulko, Jaroslav"]
[Result "0-1"]
[WhiteElo "2320"]
[BlackElo "2345"]
[PlyCount "26"]
[EventDate "1997.??.??"]
[EventType "tourn"]
[EventRounds "11"]
[EventCountry "RUS"]
[SourceTitle "EXT 2000"]
[Source "ChessBase"]
[SourceDate "1999.11.16"]
[SourceVersion "1"]
[SourceVersionDate "1999.11.16"]
[SourceQuality "1"]

1. e4 d5 2. exd5 Nf6 3. b3 Qxd5 4. Nf3 Bg4 5. Nc3 Qh5 6. Be2 Nc6 7. 0-0 0-0-0 8. h3 e6 9. hxg4 Nxg4 10. g3 Qh3 11. Ne4 Rd5 12. Re1 Rh5 13. Nh4 Qh2+ 0-1

[Event "Moscow7"]
[Site "Moscow"]
[Date "1995.??.??"]
[Round "?"]
[White "Bondarenko, Vladimir"]
[Black "Annakov, Babakuli"]
[Result "0-1"]
[WhiteElo "2310"]
[BlackElo "2420"]
[PlyCount "88"]
[EventDate "1995.??.??"]
[EventType "tourn"]
[EventRounds "11"]
[EventCountry "RUS"]
[EventCategory "3"]
[SourceTitle "EXT 1998"]
[Source "ChessBase"]
[SourceDate "1997.11.17"]
[SourceVersion "1"]
[SourceVersionDate "1997.11.17"]
[SourceQuality "1"]

1. Nf3 f5 2. d4 Nf6 3. c4 d6 4. g3 g6 5. Bg2 Bg7 6. 0-0 0-0 7. b3 c6 8. Bb2 Na6 9. Nbd2 h6 10. a3 Qe8 11. Qc2 g5 12. e4 fxe4 13. Nxe4 Qg6 14. Nxf6+ Qxf6 15. Nd2 Bf5 16. Be4 Bh3 17. Bg2 Bxg2 18. Kxg2 c5 19. f4 cxd4 20. fxg5 Qxg5 21. Nf3 d3 22. Nxg5 dxc2 23. Rxf8+ Bxf8 24. Ne6 Kf7 25. Nxf8 Kxf8 26. Bd4 Rc8 27. Bxa7 b5 28. Rc1 bxc4 29. Rxc2 Ra8 30. Be3 cxb3 31. Rb2 Rb8 32. Kf3 Kf7 33. Ke4 Ke6 34. Kd3 Kd5 35. Kc3 Nc5 36. Bxc5 Kxc5 37. Rxb3 Ra8 38. Rb7 Rxa3+ 39. Kd2 e5 40. Rc7+ Kd4 41. Rc2 d5 42. Rb2 e4 43. Rb4+ Ke5 44. Rb2 e3+ 0-1

[Event "Moscow op2"]
[Site "Moscow"]
[Date "1995.??.??"]
[Round "5"]
[White "Bondarenko, Vladimir"]
[Black "Totsky, Leonid"]
[Result "1/2-1/2"]
[WhiteElo "2315"]
[BlackElo "2450"]
[PlyCount "104"]
[EventDate "1995.11.??"]
[EventType "swiss"]
[EventRounds "9"]
[EventCountry "RUS"]
[SourceTitle "CBM 050 Extra"]
[Source "ChessBase"]
[SourceDate "1996.03.01"]
[SourceVersion "1"]
[SourceVersionDate "1996.03.01"]
[SourceQuality "1"]

1. d4 e6 2. e4 d5 3. e5 c5 4. c3 Qb6 5. Nf3 Bd7 6. Qb3 Nc6 7. Qxb6 axb6 8. Na3 cxd4 9. Nb5 Ra5 10. Nbxd4 f6 11. exf6 gxf6 12. Be3 Nxd4 13. Nxd4 b5 14. b4 Ra3 15. Nxb5 Bxb5 16. Bxb5+ Kf7 17. Kd2 Nh6 18. Kc2 Nf5 19. Kb2 Ra8 20. Bb6 Bg7 21. Bd3 Nd6 22. Bc7 Ke7 23. Kb3 f5 24. Bxd6+ Kxd6 25. Rad1 Rhc8 26. c4 Ke7 27. a4 Rc7 28. a5 dxc4+ 29. Bxc4 Rac8 30. Rc1 Bd4 31. Rhe1 e5 32. Rc2 Kf6 33. Rec1 Ke7 34. Bd5 Rxc2 35. Rxc2 Rxc2 36. Kxc2 b6 37. f3 bxa5 38. bxa5 Kd6 39. Bg8 h5 40. g3 Bg1 41. h3 Kc5 42. a6 Kb5 43. Be6 Kxa6 44. Bxf5 Kb6 45. Kd3 Bf2 46. g4 hxg4 47. fxg4 Kc5 48. Ke4 Kd6 49. g5 Bh4 50. g6 Bf6 51. h4 Ke7 52. h5 Bg7 1/2-1/2